El cadáver (Record no. 185984)

MARC details
000 -LEADER
campo de control de longitud fija 00886nam a2200253 i 4500
001 - NÚMERO DE CONTROL
campo de control 185984
003 - IDENTIFICADOR DE NÚMERO DE CONTROL
campo de control ES-MaACL
005 - FECHA Y HORA DE LA ÚLTIMA TRANSACCIÓN
campo de control 20250912063057.0
008 - DATOS DE LONGITUD FIJA--INFORMACIÓN GENERAL
campo de control de longitud fija 160901s1989 mx fo |||| | spa d
020 ## - NÚMERO INTERNACIONAL ESTÁNDAR DEL LIBRO
Número Internacional Estándar del Libro 968-16-3332-6
080 ## - NÚMERO DE LA CLASIFICACIÓN DECIMAL UNIVERSAL
Número de la Clasificación Decimal Universal 393
100 1# - ENTRADA PRINCIPAL--NOMBRE DE PERSONA
Nombre de persona Thomas, Louis-Vincent (
Fechas asociadas al nombre 1922-1994)
9 (RLIN) 160670
245 13 - MENCIÓN DEL TÍTULO
Título El cadáver
Resto del título : de la biología a la antropología /
Mención de responsabilidad, etc. Louis-Vincent Thomas.
250 ## - MENCION DE EDICION
Mención de edición 1ª ed. en español.
260 ## - PUBLICACIÓN, DISTRIBUCIÓN, ETC.
Lugar de publicación, distribución, etc. México :
Nombre del editor, distribuidor, etc. Fondo de Cultura Económica,
Fecha de publicación, distribución, etc. 1989.
300 ## - DESCRIPCIÓN FÍSICA
Extensión 329 p., [24] p. de lám. fot. ;
Dimensiones 17 cm.
490 1# - MENCIÓN DE SERIE
Mención de serie Colección popular (Fondo de Cultura Económica) ;
Designación de volumen o secuencia 432
RLIN 241328
504 ## - NOTA DE BIBLIOGRAFÍA, ETC.
Nota de bibliografía, etc. Bibliografía: p. 320-329.
650 #7 - PUNTO DE ACCESO ADICIONAL DE MATERIA--TÉRMINO DE MATERIA
Término de materia o nombre geográfico como elemento de entrada Ritos y ceremonias fúnebres
Fuente del encabezamiento o término embne
9 (RLIN) 158567
650 #7 - PUNTO DE ACCESO ADICIONAL DE MATERIA--TÉRMINO DE MATERIA
Término de materia o nombre geográfico como elemento de entrada Muerte
Fuente del encabezamiento o término embne
9 (RLIN) 15241
852 ## - LOCALIZACIÓN
Ubicación ES-MaACL
Número de control de estantería L-30596
Nota libre . - Donat. Miguel A. Velasco
942 ## - ELEMENTOS DE ENTRADA SECUNDARIOS (KOHA)
Fuente del sistema de clasificación o colocación Clasificación decimal universal
Holdings
Estatus retirado Estado de pérdida Estado de daño No para préstamo Biblioteca de origen Biblioteca actual Ubicación en estantería Fecha de adquisición Fuente de adquisición Total de préstamos Signatura topográfica completa Código de barras Visto por última vez Precio de reemplazo Tipo de ítem Koha
        Biblioteca del Ateneo de Madrid Biblioteca del Ateneo de Madrid Depósito 2 01/09/2016     L-30596 1196076 23/02/2023 23/02/2023 Libro impreso